000 00610cam a2200229 4500
008 000000n2000 000 0 eng u
020 _a0117729396
035 _a(Sirsi) u106514
050 _a350.713
110 _aMinistry of Defence
_9577
245 _aIn trust & on trust : the strategy for the Defence Estate.
260 _aLondon
_bStationery Office
_c2000
300 _a52p. ill. ; 30cm.
350 _a19.95
650 _aDEFENCE ESTATE
650 _aESTATE MANAGEMENT
650 _aMOD
650 _aRURAL ESTATE MANAGEMENT
650 _aCOUNTRYSIDE
690 _aPROPERTY
942 _n0
999 _c100564
_d100564